Filmin bədii həlli haqqında düşüncələr (Record no. 418)
[ view plain ]
| 000 -LEADER | |
|---|---|
| fixed length control field | 01084nam a22003017a 4500 |
| 003 - CONTROL NUMBER IDENTIFIER | |
| control field | OSt |
| 005 - DATE AND TIME OF LATEST TRANSACTION | |
| control field | 20260512102156.0 |
| 008 - FIXED-LENGTH DATA ELEMENTS--GENERAL INFORMATION | |
| fixed length control field | 260512b |||||||| |||| 00| 0 aze d |
| 020 ## - INTERNATIONAL STANDARD BOOK NUMBER | |
| International Standard Book Number | 97899525057711 |
| 040 ## - CATALOGING SOURCE | |
| Original cataloging agency | AZ-XaKU |
| Transcribing agency | AZ-XaKU |
| Language of cataloging | aze |
| 050 14 - LIBRARY OF CONGRESS CALL NUMBER | |
| Classification number | PN1995 .M8966 .M8695 2015 |
| 100 1# - MAIN ENTRY--PERSONAL NAME | |
| Relator term | müəllif. |
| Personal name | Mükərrəm, Zaur, |
| Titles and words associated with a name | professor, |
| Dates associated with a name | 1938 - 2025 |
| 240 ## - UNIFORM TITLE | |
| Uniform title | Filmin |
| 245 10 - TITLE STATEMENT | |
| Title | Filmin bədii həlli haqqında düşüncələr |
| Statement of responsibility, etc. | / Zaur Mükərrəm |
| 264 ## - PRODUCTION, PUBLICATION, DISTRIBUTION, MANUFACTURE, AND COPYRIGHT NOTICE | |
| Place of production, publication, distribution, manufacture | Bakı: |
| Name of producer, publisher, distributor, manufacturer | Şərq-Qərb Nəşriyyat evi, |
| Date of production, publication, distribution, manufacture, or copyright notice | 2015 |
| 300 ## - PHYSICAL DESCRIPTION | |
| Extent | 152 səhifə; |
| Dimensions | 22 sm. |
| 336 ## - CONTENT TYPE | |
| Content type term | text |
| Content type code | txt |
| Source | rdacontent |
| 337 ## - MEDIA TYPE | |
| Media type term | unmediated |
| Media type code | n |
| Source | rdamedia |
| 338 ## - CARRIER TYPE | |
| Carrier type term | volume |
| Carrier type code | nc |
| Source | rdacarrier |
| 504 ## - BIBLIOGRAPHY, ETC. NOTE | |
| Bibliography, etc. note | Biblioqrafiya: səh.144-145 |
| 505 0# - Formatted Contents Note | |
| Formatted contents note | 1 -ci Fəsil. Sacayağın tacı -- 2 -ci Fəsil. bÇərçivə-kompozisiya -- 3 -cü Fəsil. Aydınlatma -- 4 -cü Fəsil. Çəkiliş ölçüləri və tərzləri |
| 521 ## - TARGET AUDIENCE NOTE | |
| Target audience note | Ümumi oxucu kütləsi |
| 600 ## - SUBJECT ADDED ENTRY--PERSONAL NAME | |
| Source of heading or term | AZ-XaKU |
| 650 #7 - SUBJECT ADDED ENTRY--TOPICAL TERM | |
| Source of heading or term | AZ-XaKU |
| Topical term or geographic name entry element | Sənətşünaslıq |
| 655 ## - INDEX TERM--GENRE/FORM | |
| Genre/form data or focus term | Elmi-nəzəri vəsait |
| 942 ## - ADDED ENTRY ELEMENTS (KOHA) | |
| Koha item type | Book |
| Withdrawn status | Lost status | Source of classification or shelving scheme | Damaged status | Not for loan | Collection | Home library | Current library | Date acquired | Total checkouts | Full call number | Barcode | Date last seen | Copy number | Price effective from | Koha item type |
|---|---|---|---|---|---|---|---|---|---|---|---|---|---|---|---|
| Library of Congress Classification | Fine Arts Collection | Karabakh University Main Library | Karabakh University Art Library | 05/12/2026 | PN1995 .M8966 .M8695 2015 | 0000001195 | 05/12/2026 | 1 | 05/12/2026 | Book |